[Event "9th Amplico Life Rapid"]
[Site "Warsaw POL"]
[Date "2009.12.20"]
[Round "12"]
[White "Vovk,Y"]
[Black "Pileckis,E"]
[Result "1-0"]
[WhiteElo "2546"]
[BlackElo "2438"]
[EventDate "2009.12.19"]

1. e4 c5 2. Nf3 Nc6 3. d4 cxd4 4. Nxd4 Nf6 5. Nc3 e5 6. Ndb5 d6 7. Bg5 a6
8. Na3 b5 9. Nd5 Be7 10. Bxf6 Bxf6 11. c4 b4 12. Nc2 Rb8 13. Qf3 Be6 14.
Rd1 Bg5 15. g3 h5 16. h4 Bg4 17. Qb3 Bxd1 18. Kxd1 Bh6 19. Qa4 Rc8 20. Bh3
a5 21. Ke2 Rc7 22. Rd1 O-O 23. b3 g6 24. Qb5 Nb8 25. Nxc7 Qxc7 26. Rd5 Nc6
27. c5 Rd8 28. Qb6 Qxb6 29. cxb6 Rb8 30. Rb5 Kf8 31. b7 Ke7 32. Rb6 Na7 33.
Ne3 Bxe3 34. Kxe3 Kd8 35. Rxd6+ Kc7 36. Rd7+ Kc6 37. Rxf7 Rxb7 38. Be6 1-0

[Event "9th Amplico Life Rapid"]
[Site "Warsaw POL"]
[Date "2009.12.20"]
[Round "12"]
[White "Neiksans,A"]
[Black "Bakalarz,L"]
[Result "1-0"]
[WhiteElo "2487"]
[BlackElo "2137"]
[EventDate "2009.12.19"]

1. e4 c5 2. Nf3 d6 3. d4 cxd4 4. Nxd4 Nf6 5. Nc3 g6 6. Be3 Bg7 7. f3 O-O 8.
Qd2 Nc6 9. Bc4 Bd7 10. O-O-O Rc8 11. Bb3 Ne5 12. Kb1 Re8 13. g4 b5 14. g5
b4 15. Nce2 Nh5 16. Ng3 a5 17. Nxh5 gxh5 18. Nf5 a4 19. Bd5 Bxf5 20. exf5
e6 21. fxe6 fxe6 22. f4 Ng4 23. Bf3 Nxe3 24. Qxe3 Qc7 25. Rd2 h4 26. Bg4
Qc4 27. Re1 e5 28. Bxc8 Rxc8 29. f5 Bf8 30. Qe4 Qxe4 31. Rxe4 Rb8 32. Rxh4
Rb5 33. Rc4 d5 34. Rc8 d4 35. g6 hxg6 36. fxg6 Kg7 37. Rf2 Bd6 38. Rc6 Rd5
39. Rf7+ Kxg6 40. Rd7 1-0

[Event "9th Amplico Life Rapid"]
[Site "Warsaw POL"]
[Date "2009.12.20"]
[Round "12"]
[White "Przybylski,W"]
[Black "Warakomski,T"]
[Result "0-1"]
[WhiteElo "2326"]
[BlackElo "2485"]
[EventDate "2009.12.19"]

1. e4 g6 2. d4 Bg7 3. Nf3 d6 4. Be2 c6 5. O-O Qc7 6. Be3 Nd7 7. a4 a5 8.
Nc3 Ngf6 9. h3 O-O 10. Qd2 b6 11. Rfe1 Bb7 12. Rad1 Rad8 13. Bf1 Rfe8 14.
d5 Nc5 15. Bh6 e5 16. Nh2 cxd5 17. exd5 e4 18. Bb5 Re5 19. Bf4 Rf5 20. g4
Rxd5 21. Nxd5 Nxd5 22. Bg5 Bxb2 23. Bxd8 Qxd8 24. c4 Bc3 25. Qc2 Bxe1 26.
cxd5 Bb4 27. Nf1 Qh4 28. Kg2 h5 29. Ne3 Bc8 30. Be2 Bd7 31. Rg1 hxg4 32.
hxg4 Bxa4 33. Qb2 Qh8 34. Qxh8+ Kxh8 35. g5 Nd3 36. Rh1+ Kg7 37. Rh4 Nc5
38. Rh3 Bd7 39. Bg4 Bb5 40. Rh1 Bd3 41. f4 exf3+ 42. Bxf3 Bd2 43. Kf2 b5
44. Rd1 Bc3 45. Ng4 a4 46. Ke3 a3 47. Nf6 Bxf6 48. gxf6+ Kxf6 49. Be2 Bxe2
0-1

[Event "9th Amplico Life Rapid"]
[Site "Warsaw POL"]
[Date "2009.12.20"]
[Round "12"]
[White "Rajlich,I"]
[Black "Rozentalis,E"]
[Result "0-1"]
[WhiteElo "2457"]
[BlackElo "2611"]
[EventDate "2009.12.19"]

1. d4 Nf6 2. c4 e6 3. Nc3 Bb4 4. Qc2 d5 5. cxd5 Qxd5 6. Nf3 Qf5 7. Qb3 c5
8. h3 Nc6 9. g4 Qd5 10. dxc5 Qxb3 11. axb3 Ne4 12. Bd2 Nxd2 13. Nxd2 Bxc5
14. Bg2 Ke7 15. e3 Bd7 16. Rc1 Bb4 17. Be4 Rhd8 18. Ke2 Na5 19. f4 Be8 20.
Rc2 Rac8 21. Bd3 Bc6 22. Rhc1 Rd7 23. Bc4 Rcd8 24. Nf3 Bxc3 25. Rxc3 b5 26.
Nd4 bxc4 27. b4 Rxd4 28. exd4 Nb7 29. Ke3 Nd6 30. b3 Rb8 31. bxc4 Rxb4 32.
d5 exd5 33. cxd5 Bd7 34. Kf3 a5 35. Re1+ Kd8 36. Rc5 Rb3+ 37. Re3 Rb5 38.
Rxb5 Bxb5 39. Rc3 a4 40. Ke3 Bc4 41. Rc1 Bxd5 42. Rd1 Nc4+ 43. Kd4 Nb6 44.
Kc5 Kc7 45. Re1 Bb3 46. f5 Nd5 47. Re8 a3 48. Ra8 a2 49. Ra7+ Kc8 50. Ra8+
Kd7 51. Ra7+ Kd8 52. Kd6 Kc8 53. Ra8+ Kb7 54. Ra3 Bc4 55. Kc5 Ne3 56. g5
Nc2 57. Ra4 Bb3 0-1

[Event "9th Amplico Life Rapid"]
[Site "Warsaw POL"]
[Date "2009.12.20"]
[Round "12"]
[White "Macieja,B"]
[Black "Wandzik,W"]
[Result "1-0"]
[WhiteElo "2627"]
[BlackElo "2092"]
[EventDate "2009.12.19"]

1. e4 d5 2. exd5 Qxd5 3. Nc3 Qa5 4. d4 Nf6 5. Nf3 c6 6. Ne5 Be6 7. Nc4 Bxc4
8. Bxc4 e6 9. O-O Be7 10. Re1 O-O 11. Ne4 Nbd7 12. Ng5 Nd5 13. Bd3 Bxg5 14.
Bxg5 Nb4 15. Bd2 Qb6 16. Bf1 Nd5 17. c4 N5f6 18. Bc3 Qc7 19. Qf3 c5 20. d5
exd5 21. cxd5 Qd6 22. Rad1 Rfe8 23. Rxe8+ Rxe8 24. Qg3 Qxg3 25. hxg3 Ne4
26. Be1 Ndf6 27. f3 Nd6 28. g4 Rd8 29. a4 b6 30. b4 Nb7 31. Ba6 Nd6 32.
bxc5 bxc5 33. Ba5 Rd7 34. g5 Nfe8 35. Rc1 c4 36. Kf2 Re7 37. Bxc4 Nxc4 38.
Rxc4 f6 39. gxf6 gxf6 40. Re4 Kf7 41. Rxe7+ Kxe7 42. Ke3 Ng7 43. Ke4 Kd7
44. Bb4 Kc7 45. Bf8 Ne8 46. Kf5 Kd7 47. d6 a5 48. f4 Nxd6+ 49. Bxd6 Kxd6
50. Kxf6 Kc5 51. f5 Kb4 52. Kg7 1-0

[Event "9th Amplico Life Rapid"]
[Site "Warsaw POL"]
[Date "2009.12.20"]
[Round "12"]
[White "Azarov,S"]
[Black "Schmidt,Wl"]
[Result "0-1"]
[WhiteElo "2622"]
[BlackElo "2395"]
[EventDate "2009.12.19"]

1. e4 e6 2. d4 d5 3. Nd2 c5 4. exd5 exd5 5. Ngf3 Nc6 6. Bb5 Bd6 7. dxc5
Bxc5 8. O-O Nge7 9. Nb3 Bd6 10. Re1 O-O 11. Bg5 h6 12. Bxe7 Bxe7 13. c3 Bg4
14. h3 Bh5 15. Be2 Bf6 16. Nfd4 Bg6 17. Bf1 Qb6 18. Qd2 Rad8 19. Rad1 Ne5
20. Qc1 a5 21. a4 Nc4 22. Nb5 Bg5 23. Qa1 Bc2 24. N3d4 Bxd1 25. Rxd1 Rfe8
26. g3 Bf6 27. b3 Ne5 28. Bg2 Nc6 29. Qa2 Bxd4 30. cxd4 Nb4 31. Qd2 Qf6 32.
h4 Rc8 33. Nc3 Qf5 34. Kh2 Rc7 35. Re1 Rce7 36. Rxe7 Rxe7 37. Bh3 Qc2 38.
Qxc2 Nxc2 39. Nxd5 Re2 40. Kg1 Nxd4 0-1

[Event "9th Amplico Life Rapid"]
[Site "Warsaw POL"]
[Date "2009.12.20"]
[Round "12"]
[White "Jakubowski,K"]
[Black "Musialkiewicz,J"]
[Result "1-0"]
[WhiteElo "2502"]
[BlackElo "2162"]
[EventDate "2009.12.19"]

1. e4 c5 2. Nf3 d6 3. d4 cxd4 4. Nxd4 Nf6 5. Nc3 a6 6. Be3 e6 7. Be2 Be7 8.
f4 Qc7 9. O-O O-O 10. g4 Re8 11. g5 Nfd7 12. Bd3 g6 13. Qe1 Bf8 14. Qh4 Bg7
15. Rf3 Nc6 16. Nde2 Nf8 17. Raf1 b5 18. a3 Rb8 19. f5 Ne5 20. Rh3 b4 21.
axb4 Rxb4 22. f6 Bh8 23. Rf4 Nxd3 24. cxd3 e5 25. Nd5 Qb7 26. Rf2 Bxh3 27.
Nxb4 Be6 28. Nd5 Bxd5 29. exd5 Qxd5 30. Qc4 Qa5 31. Nc3 Ne6 32. Nd5 h6 33.
h4 Qe1+ 34. Kg2 Qd1 35. b4 Qh5 36. Kg3 hxg5 37. hxg5 Nxg5 38. Qg4 1-0

[Event "9th Amplico Life Rapid"]
[Site "Warsaw POL"]
[Date "2009.12.20"]
[Round "12"]
[White "Paehtz,E"]
[Black "Tiviakov,S"]
[Result "0-1"]
[WhiteElo "2480"]
[BlackElo "2664"]
[EventDate "2009.12.19"]

1. b3 Nf6 2. Bb2 d5 3. e3 e6 4. f4 c5 5. Nf3 Nc6 6. g3 g6 7. Bg2 Bg7 8. O-O
O-O 9. Qe2 b6 10. Ne5 Bb7 11. d3 Qc7 12. Nxc6 Bxc6 13. Be5 Qe7 14. Nd2 b5
15. c4 a5 16. d4 bxc4 17. bxc4 cxd4 18. Bxd4 Rfc8 19. Rab1 Qa3 20. Rb3 Qxa2
21. Ra1 Qc2 22. Rc3 Qf5 23. c5 Ne4 24. Bxe4 dxe4 25. Bxg7 Kxg7 26. Nb3 a4
27. Nd4 Qd5 28. Qc2 Kg8 29. Qa2 Qd7 30. Rb1 Rab8 31. Rcc1 Bd5 32. Qa3 Rxb1
33. Rxb1 Qe7 34. Rc1 h5 35. Kg2 Bb3 36. Qb4 Kh7 37. Rc3 Bd5 38. Kf2 h4 39.
Qxa4 hxg3+ 40. Kxg3 Rxc5 41. Qb4 Rc7 42. Qxe7 Rxe7 43. h4 Kh6 44. Ne2 Rb7
45. Rc5 Rb2 46. Nc3 Rd2 47. Rc7 Kg7 48. Nxd5 exd5 49. Rd7 Re2 50. Rxd5
Rxe3+ 51. Kg2 Rf3 52. h5 Rxf4 53. hxg6 Kxg6 0-1

[Event "9th Amplico Life Rapid"]
[Site "Warsaw POL"]
[Date "2009.12.20"]
[Round "12"]
[White "Michna,Mart"]
[Black "Moranda,W"]
[Result "0-1"]
[WhiteElo "2366"]
[BlackElo "2579"]
[EventDate "2009.12.19"]

1. f4 d5 2. Nf3 c5 3. e3 g6 4. Bb5+ Bd7 5. Bxd7+ Nxd7 6. O-O Bg7 7. d3 Ngf6
8. Qe2 O-O 9. Nbd2 Qb6 10. Kh1 Qa6 11. a4 Rac8 12. c4 dxc4 13. Nxc4 Nd5 14.
Bd2 N5b6 15. b3 Nxc4 16. bxc4 Bxa1 17. Rxa1 Rfd8 18. Bc3 Nf8 19. f5 Qd6 20.
fxg6 hxg6 21. Rd1 f6 22. Qf2 Ne6 23. Qh4 Kg7 24. Qe4 Rh8 25. Ne5 Nf8 26.
Qxb7 Rb8 27. Qe4 Rb3 28. Ba1 Qe6 29. Rf1 Rh5 30. Nc6 Qxe4 31. dxe4 Kf7 32.
e5 Rf5 33. Rd1 Rxe3 34. exf6 exf6 35. Nxa7 Rf2 36. Nb5 Ra2 37. Nd6+ Kg8 38.
Bxf6 Rd2 0-1

[Event "9th Amplico Life Rapid"]
[Site "Warsaw POL"]
[Date "2009.12.20"]
[Round "12"]
[White "Leniart,A"]
[Black "Toma,K"]
[Result "1/2-1/2"]
[WhiteElo "2439"]
[BlackElo "2233"]
[EventDate "2009.12.19"]

1. e4 c5 2. Nf3 Nc6 3. d4 cxd4 4. Nxd4 Nf6 5. Nc3 e5 6. Ndb5 d6 7. Bg5 a6
8. Na3 b5 9. Nd5 Be7 10. Bxf6 Bxf6 11. c4 b4 12. Nc2 a5 13. Qf3 Bg5 14. h4
Be7 15. g3 O-O 16. Bh3 Be6 17. Kf1 Nb8 18. Kg2 Bxd5 19. cxd5 Na6 20. a3 Qb6
21. axb4 axb4 22. Bd7 Nc5 23. Bc6 Rxa1 24. Rxa1 g6 25. Ne3 Qc7 26. Rc1 Bd8
27. Rc4 Qe7 28. Qe2 Ba5 29. h5 Qg5 30. Rxc5 dxc5 31. Qb5 Bd8 32. Qxc5 f5
33. hxg6 hxg6 34. exf5 gxf5 35. d6 f4 36. Nc4 fxg3 37. fxg3 Qf5 38. Qd5+
Rf7 39. Nxe5 Qc2+ 40. Kh3 Qh7+ 41. Kg2 Qc2+ 1/2-1/2

[Event "9th Amplico Life Rapid"]
[Site "Warsaw POL"]
[Date "2009.12.20"]
[Round "12"]
[White "Jaroch,K"]
[Black "Socko,M"]
[Result "0-1"]
[WhiteElo "2242"]
[BlackElo "2457"]
[EventDate "2009.12.19"]

1. e4 c5 2. c4 Nc6 3. Nc3 g6 4. g3 Bg7 5. Bg2 e5 6. Nge2 Nge7 7. O-O O-O 8.
d3 d6 9. Rb1 Be6 10. a3 a5 11. f4 Nd4 12. h3 Qd7 13. Kh2 exf4 14. Nxf4 a4
15. Be3 Kh8 16. g4 Ra6 17. Qd2 Rb6 18. Kh1 Rb3 19. Rf2 b5 20. cxb5 Nxb5 21.
Nxe6 Qxe6 22. Bh6 Nxc3 23. Rbf1 Nb5 24. Bf3 c4 25. d4 Rd3 26. Bxg7+ Kxg7
27. Qg5 Nxd4 28. Bg2 f6 29. Qa5 Nec6 30. Qxa4 Ne5 31. g5 Rxh3+ 32. Kg1
Nef3+ 33. Rxf3 Nxf3+ 0-1

[Event "9th Amplico Life Rapid"]
[Site "Warsaw POL"]
[Date "2009.12.20"]
[Round "12"]
[White "Likavsky,T"]
[Black "Kurnosov,I"]
[Result "0-1"]
[WhiteElo "2476"]
[BlackElo "2666"]
[EventDate "2009.12.19"]

1. d4 Nf6 2. c4 g6 3. Nc3 d5 4. Nf3 Bg7 5. Qa4+ Bd7 6. Qb3 dxc4 7. Qxc4 O-O
8. Bf4 Bc6 9. e3 Nbd7 10. Be2 Nb6 11. Qb3 Nfd5 12. Bg3 a5 13. a3 a4 14. Qc2
e6 15. O-O Qe7 16. Rfc1 Nxc3 17. bxc3 f5 18. Ne5 Be4 19. Qd2 Nd7 20. f3
Nxe5 21. fxe4 Nf7 22. e5 Bh6 23. Bc4 Ng5 24. Bf4 Ne4 25. Qa2 g5 26. Bxe6+
Kh8 27. Bg3 f4 28. exf4 gxf4 29. Be1 f3 30. gxf3 Bxc1 31. fxe4 Be3+ 32. Kg2
Qg5+ 33. Bg3 Rf2+ 34. Qxf2 Bxf2 35. Kxf2 Qd2+ 36. Kg1 Qxc3 37. Re1 Qxd4+
38. Kh1 Re8 39. Bf5 Rxe5 40. Bxe5+ Qxe5 41. Rd1 Kg7 42. Rd7+ Kf6 43. Rxh7
Qa1+ 44. Kg2 Qb2+ 45. Kf3 Qxa3+ 46. Kg4 Qc1 47. Rh8 a3 48. Rf8+ Ke7 49. Ra8
Qg1+ 50. Kf3 Qf1+ 51. Kg3 Qe1+ 52. Kf3 Qc3+ 53. Kg4 Qb2 54. e5 a2 55. Bg6
a1=Q 56. Re8+ Kd7 57. e6+ Kc6 0-1

[Event "9th Amplico Life Rapid"]
[Site "Warsaw POL"]
[Date "2009.12.20"]
[Round "12"]
[White "Kempinski,R"]
[Black "Piorun,K"]
[Result "1-0"]
[WhiteElo "2617"]
[BlackElo "2475"]
[EventDate "2009.12.19"]

1. d4 Nf6 2. Nf3 g6 3. c4 Bg7 4. g3 O-O 5. Bg2 d5 6. cxd5 Nxd5 7. O-O Nc6
8. Nc3 Nb6 9. e3 Re8 10. Re1 a5 11. Qe2 a4 12. Rd1 Bd7 13. h3 Qc8 14. Kh2
e5 15. d5 Na5 16. e4 Nac4 17. Rb1 c6 18. b3 axb3 19. axb3 Nd6 20. Qe3 Qc7
21. dxc6 Qxc6 22. Bb2 Nb5 23. Nxb5 Qxb5 24. Bf1 Qc6 25. Rbc1 Qe6 26. Rc7
Red8 27. Rxb7 Rab8 28. Rxb8 Rxb8 29. Ba3 Nc8 30. Ng5 Qe8 31. Bc4 Be6 32.
Nxe6 fxe6 33. Bc5 Bf6 34. Qf3 Kg7 35. Qg4 Nb6 36. Qxe6 Nxc4 37. Qxc4 Qc6
38. b4 Be7 39. Qd5 Qxd5 40. exd5 Kf7 41. Kg2 Rb5 42. d6 Bd8 43. Kf3 Ke6 44.
d7 Rb7 45. Rd6+ Kf7 46. Ke4 Rb8 47. Kd5 Ra8 48. Rc6 Ra2 49. Rc8 Rd2+ 50.
Kc6 Bf6 51. b5 1-0

[Event "9th Amplico Life Rapid"]
[Site "Warsaw POL"]
[Date "2009.12.20"]
[Round "12"]
[White "Drozdowski,K"]
[Black "Castaldo,F"]
[Result "1/2-1/2"]
[WhiteElo "2198"]
[BlackElo "2401"]
[EventDate "2009.12.19"]

1. e4 c5 2. Nf3 g6 3. d4 cxd4 4. Nxd4 Nc6 5. Nc3 Bg7 6. Be3 Nf6 7. Bc4 O-O
8. Bb3 a5 9. f3 d5 10. exd5 Nb4 11. Nde2 a4 12. Nxa4 Nfxd5 13. Bf2 b5 14.
Nac3 Nxc3 15. Nxc3 Bf5 16. Qe2 Rc8 17. O-O Nxc2 18. Bxc2 Bxc2 19. Qxc2 b4
20. Rfd1 Qc7 21. Rac1 bxc3 22. bxc3 Bh6 23. Ra1 Qxc3 24. Qxc3 Rxc3 25. a4
Rc2 26. a5 Bg7 27. Ra4 Rfc8 28. a6 Rc1 29. Rf1 Be5 30. g3 R1c6 31. a7 Ra8
32. Rb1 Kg7 33. Rab4 Ra6 34. Rb7 Bd6 35. Kg2 Ra2 36. R1b2 Ra5 37. Bd4+ f6
38. Bf2 h5 39. h4 Kf7 40. Rd2 Ke6 41. Re2+ Kf7 42. Reb2 Ra4 43. Kf1 Ra1+
44. Rb1 Ra2 45. R1b2 Ra1+ 46. Ke2 Ra3 47. f4 f5 48. Kd1 Ra1+ 49. Rb1 Ra2
50. R1b2 Ra1+ 51. Ke2 Ra3 52. Rc2 Ra4 53. Kf1 Ra1+ 54. Kg2 Ra3 55. Rd2 Ke6
56. Re2+ Kf7 57. Kh3 Ra1 58. Kg2 Ra3 59. Reb2 Ra4 60. R2b3 Ra2 61. Rb2 Ra4
62. R2b6 Ke6 63. Rc6 Kd5 64. Rc2 Ke6 65. Re2+ Kf7 66. Rd7 Ra6 67. Rb2 Ke6
68. Rdb7 Ra4 69. Rd2 Ra6 70. Re2+ Kf7 71. Reb2 Ke6 72. Kf1 Ra1+ 73. Rb1 Ra2
74. R1b2 Ra1+ 75. Ke2 Ra3 76. Kf1 Ra1+ 77. Kg2 Ra3 78. Rb8 R8xa7 79. Bxa7
Rxa7 80. R8b3 Ra1 81. Re2+ Kf6 82. Rbe3 Rb1 83. Re6+ Kf7 84. R6e3 Ra1
1/2-1/2

[Event "9th Amplico Life Rapid"]
[Site "Warsaw POL"]
[Date "2009.12.20"]
[Round "12"]
[White "Grabarczyk,M"]
[Black "Aleksandrov,A"]
[Result "1/2-1/2"]
[WhiteElo "2475"]
[BlackElo "2617"]
[EventDate "2009.12.19"]

1. d4 Nf6 2. c4 e6 3. Nf3 d5 4. g3 dxc4 5. Qa4+ Nbd7 6. Bg2 a6 7. Qxc4 b5
8. Qc6 Rb8 9. Bf4 Nd5 10. Bg5 Be7 11. Bxe7 Qxe7 12. Nc3 Nb4 13. Qe4 Bb7 14.
Qb1 c5 15. dxc5 Nxc5 16. O-O O-O 17. Qc1 e5 18. a3 Nd5 19. Nxd5 Bxd5 20.
Qe3 f6 21. Rac1 Rfc8 22. h4 Be6 23. Nd2 Na4 24. b3 Nb6 25. b4 Na4 26. Ne4
Bc4 27. Rfd1 Rd8 28. Nc5 Nxc5 29. bxc5 f5 30. c6 e4 31. f3 Rbc8 32. fxe4
Rxd1+ 33. Rxd1 Rxc6 34. Qd4 fxe4 35. Bxe4 Re6 36. Bd5 Bxd5 37. Qxd5 h6 38.
Qd8+ Qxd8 39. Rxd8+ Kf7 40. Kf2 Re4 41. Kf3 Ra4 42. Rd3 g5 43. hxg5 hxg5
44. e4 Kf6 45. Ke3 Kg6 46. Kf3 Kh5 47. Re3 Kg6 48. Rd3 Kh5 49. Re3 Kg6 50.
Rd3 Kf6 51. Ke3 Ke5 52. Rd5+ Ke6 53. Rd3 a5 54. Rb3 b4 55. axb4 Rxb4 56.
Rc3 Kd6 57. Rd3+ Kc6 58. e5 a4 59. Rd8 Kc5 60. Kf3 g4+ 61. Ke3 a3 62. Ra8
Kd5 63. Ra5+ Ke6 64. Rxa3 Kxe5 65. Ra5+ Kf6 66. Rc5 1/2-1/2

[Event "9th Amplico Life Rapid"]
[Site "Warsaw POL"]
[Date "2009.12.20"]
[Round "12"]
[White "Szelag,M"]
[Black "Yemelin,V"]
[Result "1-0"]
[WhiteElo "2456"]
[BlackElo "2584"]
[EventDate "2009.12.19"]

1. e4 e5 2. Nf3 Nc6 3. Bb5 Nf6 4. O-O Nxe4 5. d4 Nd6 6. Bxc6 dxc6 7. dxe5
Nf5 8. Qxd8+ Kxd8 9. Nc3 Bd7 10. b3 Kc8 11. Bb2 Be7 12. Rad1 b6 13. Rd3 h5
14. Rfd1 Be6 15. Ne2 c5 16. c4 g5 17. Nc3 a5 18. a4 Kb7 19. Nd5 Rhg8 20.
Nd2 g4 21. Ne4 h4 22. g3 Rg6 23. Nf4 Rh6 24. Nf6 Bxf6 25. exf6 hxg3 26.
fxg3 Rah8 27. R1d2 Bc8 28. Re2 Nd6 29. Rde3 Nf5 30. Rd3 Nd6 31. Bc3 Re8 32.
Re7 Rhh8 33. Rxd6 Rxe7 34. fxe7 Re8 1-0

[Event "9th Amplico Life Rapid"]
[Site "Warsaw POL"]
[Date "2009.12.20"]
[Round "12"]
[White "Dziuba,M"]
[Black "Grafl,F"]
[Result "1-0"]
[WhiteElo "2573"]
[BlackElo "2428"]
[EventDate "2009.12.19"]

1. d4 f5 2. c4 Nf6 3. Nc3 d6 4. Nf3 e6 5. g3 Be7 6. Bg2 O-O 7. O-O Ne4 8.
Bd2 Bf6 9. Qc2 Nxd2 10. Qxd2 e5 11. e3 Qe8 12. Rad1 Nc6 13. Nd5 Qf7 14. b4
a6 15. Nxf6+ Qxf6 16. Qc3 g5 17. dxe5 dxe5 18. b5 axb5 19. cxb5 Ne7 20.
Qxc7 e4 21. Rd6 Qg7 22. Qc4+ Kh8 23. Nd2 Ng6 24. a4 Ne5 25. Qd4 Nf7 26.
Qxg7+ Kxg7 27. Rd4 Be6 28. g4 Rfd8 29. Rxd8 Rxd8 30. gxf5 Rxd2 31. fxe6 Nd6
32. Ra1 Kf6 33. Bf1 Rb2 34. Rc1 Kxe6 35. Rc5 h6 36. a5 Rb1 37. a6 bxa6 38.
bxa6 Ra1 39. Kg2 Nf5 40. Bc4+ Kf6 41. Rc6+ Kg7 42. Bd5 Ne7 43. Rc7 Kf6 44.
Bb7 h5 45. Rc4 Nf5 46. Rxe4 g4 47. Rb4 Nh4+ 48. Kg3 Kg5 49. Rb5+ Nf5+ 50.
Kg2 h4 51. h3 1-0

[Event "9th Amplico Life Rapid"]
[Site "Warsaw POL"]
[Date "2009.12.20"]
[Round "12"]
[White "Sergeev,Vl"]
[Black "Vysochin,S"]
[Result "1-0"]
[WhiteElo "2428"]
[BlackElo "2555"]
[EventDate "2009.12.19"]

1. d4 f5 2. Nf3 Nf6 3. Bf4 g6 4. h3 d6 5. e3 Bg7 6. Be2 c6 7. Nbd2 O-O 8.
O-O Nbd7 9. Bh2 Qe8 10. a4 Kh8 11. a5 h6 12. Bd3 e5 13. dxe5 dxe5 14. Be2
g5 15. Nc4 f4 16. exf4 exf4 17. Re1 Nc5 18. Nd6 Qd7 19. Ne5 Qc7 20. b4 Ne6
21. Ng6+ Kh7 22. Nxf8+ Nxf8 23. Qd3+ Kh8 24. c4 c5 25. bxc5 Ne6 26. Qg6
Qxc5 27. Nf7+ Kg8 28. Nxh6+ Kh8 29. Nf5 Qf8 30. Rab1 Qe8 31. Qxe8+ Nxe8 32.
Nxg7 N8xg7 33. Bf3 Rb8 34. Bd5 b6 35. g3 Bd7 36. axb6 axb6 37. gxf4 gxf4
38. h4 Kh7 39. Rb2 Kg6 40. f3 Kf6 41. Reb1 Nf5 42. Rxb6 Rg8+ 43. Kh1 Rh8
44. Re1 Ne3 45. Bxf4 Rxh4+ 46. Bh2 Nxc4 47. Rbxe6+ Bxe6 48. Rxe6+ Kf5 49.
Bxc4 Rxc4 50. Re2 Rb4 51. Kg2 Rc4 52. Bg3 Rb4 53. Re5+ Kf6 54. Re4 Rb2+ 55.
Kh3 Kg5 56. Re5+ Kf6 57. Ra5 Rb3 58. Kg4 Rb4+ 59. f4 1-0

[Event "9th Amplico Life Rapid"]
[Site "Warsaw POL"]
[Date "2009.12.20"]
[Round "12"]
[White "Gajewski,G"]
[Black "Vatter,H"]
[Result "1-0"]
[WhiteElo "2561"]
[BlackElo "2321"]
[EventDate "2009.12.19"]

1. d4 d6 2. g3 e5 3. Nf3 e4 4. Ng5 f5 5. c4 h6 6. Nh3 g5 7. Nc3 Bg7 8. f3
exf3 9. exf3 Ne7 10. Bg2 c6 11. f4 g4 12. Nf2 h5 13. Be3 Nd7 14. Qb3 Qb6
15. Qa3 Qc7 16. O-O-O Nb6 17. b3 d5 18. Rhe1 Be6 19. Bd2 Kf7 20. Nd3 Bxd4
21. Ne2 Bf6 22. Nc5 Bc8 23. Bc3 Bxc3 24. Nxc3 dxc4 25. Nd7 Re8 26. Ne5+ Kf6
27. Rd6+ Kg7 28. Ng6 Nxg6 29. Rxe8 Bd7 30. Rxa8 Nxa8 31. Qb2 Kh7 32. Qd2
Nb6 33. Ne4 fxe4 34. Bxe4 Be8 35. f5 Nd5 36. fxg6+ Kg7 37. Qd4+ Kf8 38.
Qh8+ Ke7 39. Qe5+ Kf8 40. Bxd5 1-0

[Event "9th Amplico Life Rapid"]
[Site "Warsaw POL"]
[Date "2009.12.20"]
[Round "12"]
[White "Llaneza Vega,M"]
[Black "Nguyen,P"]
[Result "1-0"]
[WhiteElo "2514"]
[BlackElo "2353"]
[EventDate "2009.12.19"]

1. e4 c5 2. Nc3 g6 3. d4 cxd4 4. Qxd4 Nf6 5. e5 Nc6 6. Qf4 Nh5 7. Qe3 d6 8.
exd6 Qxd6 9. Bd2 Bg7 10. O-O-O O-O 11. Bc4 Nf6 12. Nf3 Bg4 13. Nb5 Qb8 14.
Bc3 Bxf3 15. gxf3 a6 16. Nd4 Ne5 17. Bb3 Rc8 18. Nf5 gxf5 19. Bxe5 Ng4 20.
Bxf7+ Kf8 21. Bxg7+ Kxg7 22. fxg4 Kxf7 23. Rd7 Rxc2+ 24. Kb1 Qe8 25. Rhd1
Rac8 26. Rxb7 R8c7 27. gxf5 Rxb7 28. Qe6+ Kf8 29. Qh6+ Kf7 30. Qxh7+ Kf6
31. Qh6+ Kxf5 32. Qh3+ Kf6 33. Qf3+ Ke6 34. Re1+ Kd6 35. Qxb7 Rc6 36. Rd1+
Ke5 37. f4+ Kf6 38. Qb4 Qg6+ 39. Ka1 Qd3 40. Qe1 Qf5 41. Qh4+ Kf7 42. a3
Rd6 43. Re1 Re6 44. Rg1 Re2 45. Qh8 Ke6 46. Qc8+ Kf6 47. Qxa6+ e6 48. Qxe2
1-0

[Event "9th Amplico Life Rapid"]
[Site "Warsaw POL"]
[Date "2009.12.20"]
[Round "12"]
[White "Budrewicz,K"]
[Black "Gdanski,J"]
[Result "1-0"]
[WhiteElo "2317"]
[BlackElo "2509"]
[EventDate "2009.12.19"]

1. d4 g6 2. c4 Bg7 3. Nc3 c5 4. Nf3 cxd4 5. Nxd4 Nc6 6. Nc2 d6 7. g3 Bxc3+
8. bxc3 Be6 9. Bg2 Bxc4 10. Bxc6+ bxc6 11. Qd4 Nf6 12. Qxc4 O-O 13. O-O c5
14. Bg5 Nd7 15. Qh4 f6 16. Bh6 Rf7 17. Ne3 Qa5 18. Qe4 Rb8 19. Rab1 Rxb1
20. Rxb1 Qxa2 21. Rb7 f5 22. Rxd7 1-0

[Event "9th Amplico Life Rapid"]
[Site "Warsaw POL"]
[Date "2009.12.20"]
[Round "12"]
[White "Solys,L"]
[Black "Tomczak,J"]
[Result "0-1"]
[WhiteElo "2303"]
[BlackElo "2500"]
[EventDate "2009.12.19"]

1. d4 Nf6 2. c4 g6 3. Nc3 d5 4. Nf3 Bg7 5. e3 O-O 6. b4 c6 7. a4 dxc4 8.
Bxc4 a5 9. b5 c5 10. Ba3 cxd4 11. Nxd4 Ng4 12. Be2 Nf6 13. O-O Re8 14. Rc1
e5 15. Nb3 Bf8 16. Bxf8 Kxf8 17. Bf3 Ra7 18. Qc2 b6 19. Rfd1 Rd7 20. e4 Bb7
21. Rxd7 Nbxd7 22. Qd3 Qe7 23. Nd2 Nc5 24. Qe3 Qe6 25. Be2 Rd8 26. Bc4 Qe7
27. f3 Rd4 28. Bf1 Nfd7 29. Nc4 Qe6 30. Qh6+ Kg8 31. Ne3 Nf6 32. Ne2 Rxa4
33. Ng3 Ne8 34. Bc4 Qf6 35. Ne2 Nd6 36. Bd5 Bc8 37. Rd1 Nxb5 38. Ng4 Bxg4
39. fxg4 Nd6 40. Rf1 Qe7 41. Ng3 Ne6 42. Qe3 Rb4 43. Bxe6 Qxe6 44. g5 Nc4
45. Qd3 Qd6 46. Qf3 Qe7 47. h4 Nd2 48. Qe2 Nxf1 49. Qxf1 a4 50. Qd3 Rb3 0-1

[Event "9th Amplico Life Rapid"]
[Site "Warsaw POL"]
[Date "2009.12.20"]
[Round "12"]
[White "Setkauskas,V"]
[Black "Swiercz,D"]
[Result "0-1"]
[WhiteElo "2196"]
[BlackElo "2493"]
[EventDate "2009.12.19"]

1. e4 e6 2. d4 d5 3. exd5 exd5 4. Bf4 Be6 5. Bd3 Nc6 6. c3 Qd7 7. Nd2 Nge7
8. Ngf3 f6 9. Qc2 O-O-O 10. O-O-O g5 11. Bg3 h5 12. h3 Bf5 13. Nb3 Bxd3 14.
Rxd3 Nf5 15. Nc5 Bxc5 16. dxc5 Rhe8 17. Rhd1 Qe6 18. Qb3 g4 19. Re1 Qf7 20.
Rxe8 Rxe8 21. Nd2 Re1+ 22. Kc2 Qg6 23. Qa4 Ne3+ 24. fxe3 Rxe3 25. Ne4 Rxe4
26. Qb5 a6 0-1

[Event "9th Amplico Life Rapid"]
[Site "Warsaw POL"]
[Date "2009.12.20"]
[Round "13"]
[White "Hracek,Z"]
[Black "Zubov,A UKR"]
[Result "1/2-1/2"]
[WhiteElo "2624"]
[BlackElo "2581"]
[EventDate "2009.12.19"]

1. d4 d5 2. c4 dxc4 3. e3 Be6 4. Nc3 Nf6 5. Nf3 h6 6. e4 c6 7. a4 Nbd7 8.
d5 Bg4 9. Bxc4 Ne5 10. Be2 Nxf3+ 11. Bxf3 Bxf3 12. Qxf3 cxd5 13. exd5 g6
14. O-O Bg7 15. Bf4 O-O 16. d6 exd6 17. Qxb7 Qb8 18. Qxb8 Rfxb8 19. Rab1
Ne8 20. Nd5 g5 21. Be3 Rxb2 22. Rxb2 Bxb2 23. Rb1 Ba3 24. Ne7+ Kh7 25. Rb5
a6 26. Rb6 Nf6 27. Rb7 Bc5 28. Bxc5 dxc5 29. Kf1 Re8 30. f3 c4 31. Rc7 c3
32. Kf2 h5 33. Nf5 Nd5 34. Rc5 Nf4 35. Rxc3 Re2+ 36. Kf1 Rxg2 37. h4 Ra2
38. hxg5 Kg6 39. Ng3 h4 40. Ne4 h3 41. Rc6+ Kg7 42. Kg1 Rxa4 43. Rh6 Ra3
44. Kf2 Nd3+ 45. Ke2 Nf4+ 46. Kf2 Nd3+ 47. Ke2 Nf4+ 48. Kf2 Nd3+ 49. Kg3
1/2-1/2

[Event "9th Amplico Life Rapid"]
[Site "Warsaw POL"]
[Date "2009.12.20"]
[Round "13"]
[White "Heberla,B"]
[Black "Vidarte Morales,A"]
[Result "1-0"]
[WhiteElo "2515"]
[BlackElo "2423"]
[EventDate "2009.12.19"]

1. e4 c5 2. Nc3 e6 3. f4 d5 4. exd5 exd5 5. Bb5+ Nc6 6. Nf3 Nf6 7. O-O Be7
8. Bxc6+ bxc6 9. d3 O-O 10. b3 Bd6 11. Na4 Qc7 12. Ne5 Bxe5 13. fxe5 Qxe5
14. Bf4 Qd4+ 15. Kh1 Bg4 16. Qd2 Nd7 17. Be3 Qb4 18. c3 Qa5 19. Nxc5 Nxc5
20. b4 Ne4 21. dxe4 Qb5 22. Bc5 Rfe8 23. exd5 cxd5 24. Qg5 Qd7 25. Bd4 f6
26. Rxf6 Re7 27. Raf1 Be2 28. R1f2 Rae8 29. h4 Bd3 30. Kh2 Qc7+ 31. R6f4
Be4 32. Qg3 Bg6 33. Bc5 Rf7 34. Rxf7 Qxg3+ 35. Kxg3 Bxf7 36. Bxa7 Ra8 37.
Bd4 Be8 38. Re2 Kf7 39. Bc5 Bb5 40. Re7+ Kf6 41. Rb7 Bc4 42. Bd4+ Kf5 43.
Rxg7 h6 44. Kf3 Bd3 45. Rf7+ Kg6 46. Rf6+ Kh7 47. g4 Rxa2 48. h5 Ra1 49.
Kg3 Rd1 50. Rf8 1-0